000 00936nam a2200277 4500
003 EC-QuCCB
005 20260326163909.0
007 ta
008 260326s1995 ec ||||gr|||| 001 0 spa d
040 _aEC-QuCCB
041 _aspa
082 _a155.924
_bM8274
100 1 _aMorán García, Eduardo,
_926730
245 1 3 _aAl otro lado de tu familia :
_b(desde la psicología humanista)
_cEduardo Morán García
260 _aQuito, Ecuador :
_bUniversidad Politécnica Salesiana,
_c1995
300 _a248 páginas ;
_c22 cm
336 _atexto
_btxt
337 _ano mediado
_bn
338 _avolumen
_bnc
504 _6Bibliografía : páginas 239-246
505 _aLa familia de nuestro pasado común -- Teoría de los sistemas y familia -- Aspectos estructurales -- Dinámica familiar.
590 _abgg
650 0 _aFamilias
_xAspectos psicológicos
_928247
942 _2ddc
_cBK
999 _c83749
_d83749